Maiores campeões dos campeonatos estaduais - Statistics

Estatísticas Gerais
  • Esse quiz foi jogado 191 vezes
  • A pontuação média é 19 de 27
Estatísticas das Respostas
Estado Vezes que ganhou Time % Correto
Rio de Janeiro 37 Flamengo
98%
Bahia 49 Bahia
97%
São Paulo 30 Corinthians
97%
Minas Gerais 46 Atlético-MG
96%
Ceará 45 Ceará
96%
Rio Grande do Sul 45 Internacional
96%
Goiás 28 Goiás
94%
Pernambuco 42 Sport
92%
Paraná 38 Coritiba
90%
Pará 49 Paysandu
83%
Rio Grande do Norte 56 ABC
80%
Santa Catarina 18 Figueirense | Avaí
80%
Alagoas 40 CSA
78%
Acre 47 Rio Branco
75%
Espírito Santo 37 Rio Branco ES
75%
Distrito Federal 13 Gama
73%
Paraíba 30 Botafogo-PB
65%
Maranhão 35 Sampaio Corrêa
65%
Tocantins 8 Palmas
57%
Mato Grosso do Sul 11 Operário-MS
49%
Sergipe 36 Sergipe
49%
Piauí 31 Ríver-PI
48%
Amazonas 43 Nacional
47%
Amapá 17 Macapá
40%
Mato Grosso 24 Mixto
39%
Roraima 27 Baré
17%
Rondônia 18 Ferroviário-RO
12%
Nenhum quiz correspondente encontrado
Distribuição das Pontuações
Porcentagem de Pessoas com Cada Pontuação
Percentil de Números Respondidos
Sua Pontuação Histórica
Você não jogou esse quiz